The noble scholar, jurist, historian


 His Excellency Dr. Abdul Wahhab bin Ibrahim Abu Sulaiman, may Allah have mercy on him.


 He was born in Umm Al-Qura in the year 1356 AH.

تلازم الشريعة والطريقة : (Record no. 14396)

MARC details
000 -LEADER
fixed length control field 01178cam a2200277 i 4500
003 - CONTROL NUMBER IDENTIFIER
control field SA-RiAUC
005 - DATE AND TIME OF LATEST TRANSACTION
control field 20260220121838.0
008 - FIXED-LENGTH DATA ELEMENTS--GENERAL INFORMATION
fixed length control field 260218s1980 ua g 000 0 ara c
040 ## - CATALOGING SOURCE
Original cataloging agency SA-JeALM
Language of cataloging ara
Transcribing agency SA-RiAUC
Description conventions rda
041 1# - LANGUAGE CODE
Language code of text/sound track or separate title ara
Language code of original und
082 04 - DEWEY DECIMAL CLASSIFICATION NUMBER
Classification number 260
Assigning agency SA-RiAUC
090 ## - LOCALLY ASSIGNED LC-TYPE CALL NUMBER (OCLC); LOCAL CALL NUMBER (RLIN)
Classification number (OCLC) (R) ; Classification number, CALL (RLIN) (NR) 260
Local cutter number (OCLC) ; Book number/undivided call number, CALL (RLIN) ك ا ن
100 1# - MAIN ENTRY--PERSONAL NAME
Personal name الكاندهلوي، محمد زكريا بن يحيى بن إسماعيل،
Dates associated with a name 1898-1983
Relator term مؤلف.
245 12 - TITLE STATEMENT
Title تلازم الشريعة والطريقة :
Statement of responsibility, etc. محمد زكريا الكاندهلوي ؛ ترجمة عبد الحفيظ بن ملك عبد الحق.
250 ## - EDITION STATEMENT
Edition statement الطبعة الثانية.
264 #1 - PRODUCTION, PUBLICATION, DISTRIBUTION, MANUFACTURE, AND COPYRIGHT NOTICE
Place of production, publication, distribution, manufacture دبي - الإمارت العربية المتحدة :
Name of producer, publisher, distributor, manufacturer مكتبة الحرمين،
Date of production, publication, distribution, manufacture, or copyright notice 2006
300 ## - PHYSICAL DESCRIPTION
Extent 200 صفحة ؛
Dimensions 24 سم
336 ## - CONTENT TYPE
Content type term نص
Content type code txt
Source rdacontent
Materials specified كتاب
337 ## - MEDIA TYPE
Media type term بدون وسيط
Media type code n
Source rdamedia
650 #7 - SUBJECT ADDED ENTRY--TOPICAL TERM
Topical term or geographic name entry element الفقه الإسلامي
Source of heading or term aucsh
650 #7 - SUBJECT ADDED ENTRY--TOPICAL TERM
Topical term or geographic name entry element الشريعة الإسلامية
Source of heading or term aucsh
650 #7 - SUBJECT ADDED ENTRY--TOPICAL TERM
Topical term or geographic name entry element التصوف الإسلامي
Source of heading or term aucsh
700 1# - ADDED ENTRY--PERSONAL NAME
Personal name عبد الحق، عبد الحفيظ بن ملك
Relator term مترجم.
942 ## - ADDED ENTRY ELEMENTS (KOHA)
Source of classification or shelving scheme Dewey Decimal Classification
Koha item type Books
Suppress in OPAC No
949 ## - LOCAL PROCESSING INFORMATION (OCLC)
a SA-JeALM
d 260218
u osman123
n 1
Holdings
Withdrawn status Lost status Source of classification or shelving scheme Damaged status Not for loan Home library Current library Date acquired Total checkouts Full call number Barcode Date last seen Price effective from Koha item type
    Dewey Decimal Classification     DR AbdElwahab Library DR AbdElwahab Library 02/20/2026   260 ك ا ن 000022819 02/20/2026 02/20/2026 Books
    Dewey Decimal Classification     DR AbdElwahab Library DR AbdElwahab Library 02/20/2026   260 ك ا ن 000022820 02/20/2026 02/20/2026 Books
    Dewey Decimal Classification     DR AbdElwahab Library DR AbdElwahab Library 03/06/2026   260 ك ا ن 000022933 03/06/2026 03/06/2026 Books